Football Teams Erling Haaland Played For - Statistics

General Stats
  • This quiz has been taken 109 times
  • The average score is 4 of 5
Answer Stats
League Years Team % Correct
England 2022- Manchester City
99%
Germany 2020-2022 Borussia Dortmund
97%
Austria 2019-2020 Red Bull Salzburg
85%
Norway 2017-2019 Molde FK
63%
Norway 2015-2017 Bryne FK
38%
No matching quizzes found
Score Distribution
Percent of People with Each Score
Percentile by Number Answered
Your Score History
You have not taken this quiz